|
|
|
|
| LEADER |
00686 a2200193 4500 |
| 008 |
150420b xxu||||| |||| 00| 0 eng d |
| 020 |
|
|
|a 9788130912219
|
| 082 |
|
|
|a 297.27
|
| 100 |
|
|
|a Funk, Nathan C.
|
| 245 |
|
|
|a Islam and peacemaking in the Middle East /
|c Nathan C.Funk and Addul Aziz Said
|
| 260 |
|
|
|c 2010.
|b Viva Books,
|a New Dellhi:
|
| 300 |
|
|
|a 303p.;
|c 23cm.
|
| 650 |
|
|
|a Islam-Relations.
|
| 650 |
|
|
|a Peace-Religious aspects-Islam
|
| 650 |
|
|
|a Political Science.
|
| 700 |
|
|
|a Said ,Addul Aziz
|
| 942 |
|
|
|2 ddc
|c BK
|
| 999 |
|
|
|c 104819
|d 104819
|
| 952 |
|
|
|0 0
|1 0
|4 0
|6 297_270000000000000_FUN_I
|7 0
|9 106982
|a UL
|b UL
|c ST1
|d 2014-02-20
|e 2
|g 706.45
|l 0
|o 297.27 FUN/I
|p 92109
|r 2014-10-29
|v 995.00
|y BK
|